Lässt sich das KANBAN-Konzept bei einer Variantenfertigung wirtschaftlich einsetzen?
Výhody KANBAN-konceptu pri veľkosériovej a masovej výrobe a jeho charakteristika pri realizácii očakávaní a objednávok zákazníkov. Simulácia variantnej výroby. KANBAN-systém pri konštantnom a klesajúcom dopyte. Situácia pri sezónnych obmenách výroby a indikátory efektívnosti. Vyťaženosť výrobnej kap...
Enregistré dans:
| Auteur principal: | |
|---|---|
| Autres auteurs: | |
| Format: | Chapitre de livre |
| Langue: | allemand |
| Sujets: | |
| Tags: |
Pas de tags, Soyez le premier à ajouter un tag!
|
MARC
| LEADER | 00000naa a2200000 4500 | ||
|---|---|---|---|
| 001 | r009733 | ||
| 005 | 20221130113356.4 | ||
| 041 | 0 | |a ger | |
| 044 | |a DE | ||
| 245 | 1 | 0 | |a Lässt sich das KANBAN-Konzept bei einer Variantenfertigung wirtschaftlich einsetzen? |c G. Zäpfel, P. Hödlmoser |
| 520 | |a Výhody KANBAN-konceptu pri veľkosériovej a masovej výrobe a jeho charakteristika pri realizácii očakávaní a objednávok zákazníkov. Simulácia variantnej výroby. KANBAN-systém pri konštantnom a klesajúcom dopyte. Situácia pri sezónnych obmenách výroby a indikátory efektívnosti. Vyťaženosť výrobnej kapacity. | ||
| 610 | 2 | 0 | |a kanban |
| 610 | 2 | 0 | |a výroba hromadná |
| 610 | 2 | 0 | |a výroba veľkosériová |
| 610 | 2 | 0 | |a simulácia |
| 610 | 2 | 0 | |a systémy výrobné |
| 610 | 2 | 0 | |a dopyt |
| 610 | 2 | 0 | |a objednávky |
| 610 | 2 | 0 | |a zákazníci |
| 610 | 2 | 0 | |a efektívnosť |
| 610 | 2 | 0 | |a kapacita výrobná |
| 100 | 1 | |a Zäpfel, Günther | |
| 700 | 1 | |a Hödlmoser, P. | |